000 00455cam a2200169 i 4500
020 _a0121767507
040 _cDLC
082 0 0 _a574 ACA 1975 A027 Or.
100 1 _aClifford, H. T.
245 1 3 _aAn introduction to numerical classification /
260 _aNew York :
_bAcademic Press,
_c1975.
300 _axii, 229 p. :
_bill. ;
_c24 cm.
500 _aIncludes index.
650 0 _aNumerical taxonomy.
700 1 _aStephenson, William,
942 _cEK
999 _c13439
_d13439